M11-> Siedliska Cargo - Statystyki

Ogólne statystyki
  • Ten quiz został rozwiązany 5 razy
  • Średni wynik to 20 z 39
Statystyki odpowiedzi
Miasto Przystanek % Poprawnych
Katowice Katowice Sokolska
100%
Katowice Bytków Kościół
75%
Piekary Śląskie Dąbrówka Wielka Skrzyżowanie
75%
Dobieszowice Dobieszowice Młyńska
75%
Dobieszowice Dobieszowice Skrzyżowanie
75%
Katowice Katowice Chorzowska
75%
Katowice Katowice Plac Wolności
75%
Katowice Katowice Sądowa
75%
Siemianowice Śląskie Michałkowice Kościelna
75%
Siemianowice Śląskie Michałkowice Kościół
75%
Pyrzowice Pyrzowice Port Lotniczy
75%
Pyrzowice Pyrzowice Port Lotniczy
75%
Rogoźnik Rogoźnik Osiedle
75%
Sączów Sączów Kościół
75%
Pyrzowice Siedliska Cargo
75%
Wojkowice Wojkowice Park
75%
Wojkowice Żychcice Pętla
75%
Katowice Bytków Osiedle Chemik
50%
Katowice Bytkowska Centrum Targowe
50%
Katowice Józefowiec Szpital
50%
Katowice Koszutka Iłłakowiczówny
50%
Katowice Koszutka Kościół
50%
Rogoźnik Rogoźnik Narutowicza
50%
Rogoźnik Rogoźnik Szamotownia
50%
Rogoźnik Rogoźnik Szkoła
50%
Katowice Józefowiec Szczecińska
25%
Pyrzowice Mierzęcice Ogródki Działkowe
25%
Ożarowice Ożarowice Urząd Gminy
25%
Sączów Podtąpkowice Skrzyżowanie
25%
Dobieszowice Pomłynie Leśniczówka
25%
Dobieszowice Pomłynie Skrzyżowanie
25%
Pyrzowice Pyrzowice Szkoła
25%
Sączów Sączów Remiza
25%
Siemionia Siemionia Kościół
25%
Siemionia Siemionia Kościuszki
25%
Ożarowice Ożarowice Kościuszki
0%
Sączów Podsączów
0%
Sączów Podsiemionia
0%
Siemionia Siemionia Wolności
0%
Nie znaleziono quizów pasujących do podanych kryteriów
Rozkład punktacji
Procent ludzi z każdym wynikiem
Percentyl według liczby udzielonych odpowiedzi
Twoja historia wyników
Nie rozwiązałeś tego quizu